| 000 | 00762nas a22001937a 4500 | ||
|---|---|---|---|
| 003 | NALT | ||
| 005 | 20201228131817.0 | ||
| 008 | 201228b th ||||| |||| 00| 0 tha d | ||
| 040 | _aNALT | ||
| 245 | 0 | 0 | _aวารสารกระทรวงการท่องเที่ยวและกีฬา |
| 260 | _aกระทรวงการท่องเที่ยงและกีฬา | ||
| 310 | _aรายเดือน | ||
| 500 | _aวารสารอิเล็กทรอนิกส์ | ||
| 650 | _2การท่องเที่ยวและกีฬา | ||
| 850 | _aNALT | ||
| 856 | _uhttps://www.mots.go.th/Ebook-List.php?gebookid=4 | ||
| 942 | _cJNR | ||
| 998 |
_a่jintana _j755 _k จินตนา เอี่ยมคง |
||
| 999 |
_c97878 _d97878 |
||